000 07776 aa a2200601 4500
005 20090903144218.0
010 _aB-357176
020 _a8189373072
_c150.00
035 _aB-357176
035 _aB-371919-945
037 _bD.B.Act / Pub
037 _bदेवलोक प्रकाशन/PUB
082 _a
100 _aवर्मा, सावित्री देवी
_918634
245 _aजंगल- ज्योति
_bसचित्र शिक्षाप्रद मनोंरजक कहानियाँ
_cसावित्री देवी वर्मा
246 _aJungle Jyoti
_bby Savitridevi Verma
260 _aदिल्ली
_bदेवलोक प्रकाशन
_c2009
270 _a1362,कश्मीरी गेट
_bदिल्ली
_e110006
300 _a72पृ
_bसचित्र
_c24सेमी (सजिल्द)
650 _aकहानियाँ
_9937
650 _aबाल कहानिया
_918635
650 _aChildren stories
_918636
942 _adpl
_cCH
_kक / वर्मासा
_2ddc
_h
_mवर्मासा
999 _c29954
_d29954